Garantismo penal en México : suspensión de derechos político-electorales como efecto de la formal prisión : comentarios a la sentencia SG-JRC-152/2009 /

Análisis de la sentencia emitida por la Sala Regional Guadalajara del Tribunal Electoral del Poder Judicial de la Federación, sobre la impugnación de parte del PRI de un candidato panista indiciado bajo la acusación de despojo agravado.

保存先:
書誌詳細
第一著者: Gallo Alvarez, Gabriel (autor)
団体著者: Tribunal Electoral del Poder Judicial de la Federación (presen.)
その他の著者: Medina Alvarado, Juan Carlos (introducción) (introducción)
フォーマット: 図書
言語:スペイン語
出版事項: México : Tribunal Electoral del Poder Judicial de la Federación, 2011, c2011
版:Edición abreviada
シリーズ:(Comentarios a las Sentencias del Tribunal Electoral del Poder Judicial de la Federación. Vertiente Salas Regionales ; 5)
主題:
タグ: タグ追加
タグなし, このレコードへの初めてのタグを付けませんか!

MARC

LEADER 00000nam^a2200000^a^4500
001 000317706
005 20250521000000.0
008 120123 20112011
009 20260310113350.69
020 |a 978-607-708-060-2 
037 |a Acervo ITESO - Biblioteca 
041 |a ESP 
082 |a 342. 7207  |b COM REG V. 5 
100 |a Gallo Alvarez, Gabriel  |e (autor) 
245 1 0 |a Garantismo penal en México :  |b suspensión de derechos político-electorales como efecto de la formal prisión : comentarios a la sentencia SG-JRC-152/2009 /  |c G. Gallo Alvarez ; introd. de J.C. Medina Alvarado ; presen. del Tribunal Electoral del Poder Judicial de la Federación. 
250 |a Edición abreviada 
264 4 |a México :  |b Tribunal Electoral del Poder Judicial de la Federación,  |c 2011, c2011 
300 |a 94 p. 
336 |a texto  |b txt  |2 rdacontenido 
337 |a sin mediación  |b n  |2 rdamedio 
338 |a volumen  |b nc  |2 rdasoporte 
440 1 |a (Comentarios a las Sentencias del Tribunal Electoral del Poder Judicial de la Federación.  |p Vertiente Salas Regionales ;  |v 5) 
520 |a Análisis de la sentencia emitida por la Sala Regional Guadalajara del Tribunal Electoral del Poder Judicial de la Federación, sobre la impugnación de parte del PRI de un candidato panista indiciado bajo la acusación de despojo agravado. 
530 |a Existe una edición aumentada en formato digital en disco con el mismo título 
649 |a XX 
650 |a Candidatos Políticos Mexicanos -  |x Condiciones Jurídicas -  |x Tema Principal 
650 |a Indiciados Mexicanos -  |x Condiciones Jurídicas -  |x Tema Principal 
650 |a Tribunal Electoral del Poder Judicial de la Federación -  |x Tema Principal 
650 |a Tribunales Electorales -  |z México 
650 |a Partido Acción Nacional -  |z México 
650 |a Derechos Políticos -  |z México -  |x Tema Principal 
650 |a Derecho Electoral -  |z México -  |x Tema Principal 
650 |a Derecho Político -  |z México 
650 |a Derecho Constitucional -  |z México 
650 |a México -  |x Condiciones Jurídicas 
710 |a Tribunal Electoral del Poder Judicial de la Federación  |e (presen.) 
700 |a Medina Alvarado, Juan Carlos  |e (introducción) 
910 |a Fondo General 
920 |a Impresos - Libros 
930 |a Colección General 
905 |a 101 
901 |a 0500204838  |b IT1  |c ACC  |i D57255  |u 20250521 
902 |a https://opac.biblio.iteso.mx/vufind/Record/000317706